Explaining international comovements of output and asset returns <the> role of money and nominal rigidities
Enregistré dans:
| Auteur principal: | |
|---|---|
| Format: | Livre |
| Langue: | anglais |
| Publié: |
Washington
IMF
1999
|
| Collection: | IMF working paper
W/99/84 |
| Sujets: | |
| Tags: |
Pas de tags, Soyez le premier à ajouter un tag!
|
MARC
| LEADER | 00000nam a2200000 4500 | ||
|---|---|---|---|
| 001 | c116280 | ||
| 005 | 20221221082316.3 | ||
| 041 | 0 | |a eng | |
| 044 | |a US | ||
| 245 | 1 | 0 | |a Explaining international comovements of output and asset returns |b <the> role of money and nominal rigidities |c Prepared by Robert Kollmann |
| 264 | 1 | |a Washington |b IMF |c 1999 | |
| 300 | |a 50 s. | ||
| 490 | 1 | |a IMF working paper |v W/99/84 | |
| 830 | 0 | |a IMF working paper |v W/99/84 | |
| 610 | 2 | 0 | |a aktíva |
| 610 | 2 | 0 | |a výnosy |
| 610 | 2 | 0 | |a cykly hospodárske |
| 610 | 2 | 0 | |a cykly obchodné |
| 610 | 2 | 0 | |a modely rovnováhy |
| 100 | 1 | |a Kollmann, Robert | |